تحميل...
Transmission of knowledge in South Asia: Essays on education, religion, history and politics
| المؤلف الرئيسي: | |
|---|---|
| التنسيق: | Printed Book |
| منشور في: |
Oxford University Press, Delhi
1996
|
| الموضوعات: |
| LEADER | 00564nam a2200193 4500 | ||
|---|---|---|---|
| 020 | |||
| 082 | |a 330.9 CRO-T | ||
| 100 | |a Crook, Nigel, Ed. | ||
| 245 | |a Transmission of knowledge in South Asia: Essays on education, religion, history and politics | ||
| 250 | |||
| 260 | |a Oxford University Press, Delhi |c 1996 | ||
| 300 | |||
| 490 | |||
| 500 | |||
| 590 | |||
| 650 | |a Economic history and geography | ||
| 942 | |c BK | ||
| 999 | |c 113252 |d 113252 | ||
| 952 | |0 0 |1 0 |4 0 |6 330_900000000000000_CROT |7 0 |9 126719 |a ECN |b ECN |l 0 |o 330.9 CRO-T |p ECN10275 |r 2019-09-25 |w 2019-09-25 |y BK | ||